000 00552nam a2200157 a 4500
008 120416s1957 ||||||||||||||||| || u
050 _aQD 79.I5 Del
100 _aDelahay, Paul
245 1 0 _aInstrumental analysis
260 _aNew York
_bMacmillan
_c1957
300 _axi, 384p. : ill
350 _a0.00
650 0 _aCHEMISTRY--HANDBOOKS, MANUALS, ETC
650 _aINSTRUMENTAL ANALYSIS
995 _D0.00
_FCBU-MAIN LIBRARY (Kitwe)
_H1
_I11.00
_M1
_UAVAILABLE
_ZAnnex Low-Usage Collection
999 _c47097
_d47097